Sports Quiz

Random Sports or NFL Quiz

Tom Brady TD Receivers Quiz Stats

 Plays Quiz Updated Jan 6, 2021

Support Sporcle.
Go Orange.
Score 0/85 Timer 10:00
5 Plays Today
TDs Player % Correct
84Rob Gronkowski
96.3%
39Randy Moss
92.7%
34Wes Welker
86.3%
36Julian Edelman
83.1%
5Antonio Brown
81.8%
12Mike Evans
76.2%
18Aaron Hernandez
75.5%
24James White
69.1%
7Chris Godwin
68%
2Tyler Johnson
66.7%
15Troy Brown
65.7%
10Danny Amendola
64.2%
1Ronald Jones
64.1%
24Deion Branch
63.6%
1Chad Johnson
61.6%
4Bethel Johnson
57.3%
1Charles Johnson
57%
11Chris Hogan
56.1%
3Antowain Smith
54.9%
3Scott Miller
54.3%
1LeGarrette Blount
54%
10Kevin Faulk
51.6%
2Corey Dillon
51%
2Cameron Brate
50%
5Dion Lewis
49.5%
7Shane Vereen
47.8%
2O.J. Howard
45.7%
8Mike Vrabel
44.7%
2N'Keal Harry
43.9%
TDs Player % Correct
17Ben Watson
43.1%
6Martellus Bennett
41.9%
7Brandon LaFell
41.8%
4Rex Burkhead
41.8%
4Josh Gordon
41.5%
3Chad Jackson
39.4%
7Brandin Cooks
37.5%
7Phillip Dorsett
33.6%
12David Givens
33.4%
1Laurence Maroney
33.3%
4Kenbrell Thompkins
32.4%
4Malcolm Mitchell
32.3%
4Danny Woodhead
31.2%
4Aaron Dobson
31.1%
16David Patten
31.1%
4Donte' Stallworth
29%
4Scott Chandler
26.8%
17Daniel Graham
26.3%
4Brandon Lloyd
26.1%
6Tim Wright
24.9%
4Reche Caldwell
24.7%
1Dwayne Allen
24.5%
1Mohamed Sanu
23.7%
6Jabar Gaffney
23.6%
1Heath Evans
23.2%
2Keshawn Martin
23%
1David Thomas
23%
1Ryan Izzo
22.9%
13Christian Fauria
22.6%
TDs Player % Correct
1Terry Glenn
22%
2Kyle Brady
21.8%
3Brandon Bolden
21.3%
1Matt LaCosse
20.2%
3Cordarrelle Patterson
20%
1Michael Floyd
18.4%
1Elandon Roberts
18.1%
1Andre' Davis
17.9%
3Jermaine Wiggins
16.9%
1Ke'Shawn Vaughn
16.4%
1Michael Hoomanawanui
16.2%
1Matt Lengel
15%
1Patrick Pass
15%
2Alge Crumpler
14.5%
2Brandon Tate
13.1%
2Marc Edwards
13%
1Brian Tyms
12.4%
3Doug Gabriel
10.6%
1Matthew Mulligan
10.2%
2Sam Aiken
9.2%
2Tim Dwight
9.1%
1Dedric Ward
8.8%
2Chris Baker
7.9%
1Larry Centers
7.6%
2Donald Hayes
7.2%
1Cam Cleeland
6.9%
1Tom Ashworth
6.8%

From the Vault

Pokémon (Gen VI)

by dertswa687o

Gaming 6m
They say a Klefki is born every time you lose your car keys.
Remove Ads.
Support Sporcle.
Get the best of Sporcle when you Go Orange. This ad-free experience offers more features, more stats, and more fun while also helping to support Sporcle. Thank you for becoming a member.

Show Comments

Extras

Top Quizzes Today


Score Distribution

Your Account Isn't Verified!

In order to create a playlist on Sporcle, you need to verify the email address you used during registration. Go to your Sporcle Settings to finish the process.

Report this User

Report this user for behavior that violates our Community Guidelines.

Details: